000 00198nam a2200085Ia 4500
008 120527s9999 xx 000 0 und d
100 _aBrosnan & Reinhardt
245 _aThe nature of life
942 _cBK
999 _c27336
_d27336